Загрузка...
Social psychology and behavioural medicine
| Главный автор: | |
|---|---|
| Опубликовано: |
Chichester, John Wiley and Sons
1982
|
| Предметы: |
| LEADER | 004310000a22001330004500 | ||
|---|---|---|---|
| 020 | |a 0-471-27994-3 | ||
| 082 | |a 302 M2 | ||
| 100 | |a Eiser, J Richard | ||
| 245 | |a Social psychology and behavioural medicine | ||
| 260 | |a Chichester, John Wiley and Sons | ||
| 260 | |c 1982 | ||
| 650 | |a Social Psychology | ||
| 999 | |c 89377 |d 89377 | ||
| 952 | |0 0 |1 0 |4 0 |6 302_000000000000000_M2 |7 0 |9 81711 |a SBES |b SBES |d 2016-08-12 |l 0 |o 302 M2 |p SBES00406 |r 2016-08-12 |w 2016-08-12 | ||